00372nam a22001217a 4500008004100000040005500041080002400096245003700120260005500157300001000212650001300222653001500235230608b |||||||| |||| 00| 0 eng d aNational Science LibrarycNational Science Library aR 802.0-314.1bJ1;1 aWebster's dictionary of synonyms aPhilippines: bG & C Merriam Co Publishers, c1942 a902p. aLanguage aDictionary